000 00540nam a22001817a 4500
003 OSt
005 20240619120504.0
008 240619b |||||||| |||| 00| 0 eng d
040 _aDDC
_cMUST
082 _222
_a530.11 FRE 1968
100 _aFrench A. P.
_98026
245 _aSpecial Relativity/
_bM.I.T. Introductory physics series
_cA.P. French
260 _aMassachussets Institute of Technology
_bChapman and Hall
_cc1968
300 _ax,286p.;
_bill:
_c23cm
504 _aincludes indexes
650 _aPhysics
_9809
942 _2ddc
_cO_SHELF
999 _c8657
_d8657